MARC

LEADER 00000nam0a2200000 4500
001 184402
005 20231031172225.0
035 |a (RuTPU)RU\TPU\book\199982 
090 |a 184402 
100 |a 20100907d1975 m y0rusy50 ca 
101 0 |a rus 
102 |a RU 
105 |a a z 001zy 
200 1 |a Основы порошковой металлургии  |f Г. А. Либенсон 
210 |a Москва  |c Металлургия  |d 1975 
215 |a 200 с.  |c ил. 
320 |a Библиогр.: с. 199. 
610 1 |a порошковая металлургия 
610 1 |a металлические порошки 
610 1 |a производство 
610 1 |a свойства 
610 1 |a формование 
610 1 |a спекание 
675 |a 621.7М  |v 3 
700 1 |a Либенсон  |b Г. А.  |g Герман Абрамович 
801 1 |a RU  |b 63413507  |c 20100907 
801 2 |a RU  |b 63413507  |c 20110112  |g RCR 
942 |c BK